=LDR 00000nam 2200000 4500 =001 INLIS000000000014638 =005 20130612105922 =008 ***********************************Ind** =035 ##$$0010-061300000014638 =041 ##$$a Ind =082 ##$$a 635.9 =090 ##$$a 635.9, Wib d =100 ##$$a Wibowo, Singgih =245 ##$$a Drasena, Singgih wibowo, murdinah M,S =260 ##$$a 1989 $b Jakarta =300 ##$$a viii,134 hlm, Ilus, 12 cm =650 ##$$a Drasem(Bunga) =700 ##$$a murdinah Ms =850 ##$$a NBPNMAT